[Event "WYCC U16 Open 2013"]
[Site "Al-Ain UAE"]
[Date "2013.12.19"]
[Round "2.57"]
[White "Kwon, Sehyun"]
[Black "Horton, Andrew P"]
[Result "0-1"]
[WhiteElo "1706"]
[BlackElo "2086"]
[WhiteFideId "13203088"]
[BlackFideId "424269"]
[EventDate "2013.12.18"]

1. e4 e5 2. Nf3 Nc6 3. Bb5 a6 4. Ba4 Nf6 5. O-O Be7 6. Re1 b5 7. Bb3 d6 8. c3
O-O 9. h3 Nb8 10. d4 Nbd7 11. Nbd2 Bb7 12. Bc2 Re8 13. Nf1 Bf8 14. Ng3 g6 15. d5
c6 16. dxc6 Bxc6 17. Bg5 h6 18. Bxf6 Nxf6 19. Qd2 Qc7 20. Bb3 Rad8 21. Nh4 Kh7
22. Qc2 Bg7 23. c4 Qb7 24. Rac1 b4 25. Rcd1 Bf8 26. Ba4 Bxa4 27. Qxa4 Nd7 28.
Qc2 b3 29. Qxb3 Qxb3 30. axb3 Rb8 31. Re3 Nc5 32. Ra1 Nxb3 33. Rxa6 Nc5 34. Ra7
Re7 35. Ra2 Rb4 36. Ra8 Bg7 37. Rd8 Rd7 38. Rxd7 Nxd7 39. Ne2 Rxc4 40. Nc3 Rb4
41. Re2 Nc5 42. Nf3 Bf8 43. Nd5 Rb5 44. Nc3 Rb3 45. Rd2 Kg7 46. Kf1 Rb4 47. Re2
Nd3 48. Nd1 Rc4 49. Ne1 Nf4 50. Re3 f6 51. b3 Rb4 52. Nc2 Rb7 53. Rc3 Ne6 54. b4
f5 55. f3 fxe4 56. fxe4 Ng5 57. Nf2 Rf7 58. Ke2 Rxf2+ 59. Kxf2 Nxe4+ 60. Ke3
Nxc3 61. Kd3 Nb5 62. Kc4 Nc7 0-1

[Event "WYCC U16 Open 2013"]
[Site "Al-Ain UAE"]
[Date "2013.12.19"]
[Round "2.58"]
[White "Lekic, Lazar"]
[Black "Karunarathna, Chathupa Induwara"]
[Result "1-0"]
[WhiteElo "2071"]
[BlackElo "1734"]
[WhiteFideId "900052"]
[BlackFideId "9904727"]
[EventDate "2013.12.18"]

1. e4 e6 2. d4 d5 3. Nd2 Nf6 4. e5 Nfd7 5. f4 c5 6. c3 Nc6 7. Ndf3 Qb6 8. a3 c4
9. Ne2 Be7 10. f5 Nf8 11. Nf4 Bd7 12. g4 g6 13. Bh3 Bd8 14. O-O Bc7 15. Kh1 h6
16. fxg6 fxg6 17. g5 h5 18. Nh4 Ne7 19. Qc2 Rg8 20. Nfg2 O-O-O 21. Rf6 Rg7 22.
Be3 Nh7 23. Nxg6 Nxf6 24. Nxe7+ Rxe7 25. exf6 Rf7 26. Rf1 Qd6 27. Bf4 Qf8 28.
Be5 Bxe5 29. dxe5 Re7 30. Nh4 Ree8 31. f7 Bc6 32. fxe8=Q Qxe8 33. Qg6 d4+ 34.
Kg1 Qh8 35. Qxe6+ Kb8 36. Ng6 Qg7 37. cxd4 Qc7 38. Rf8 c3 39. bxc3 a6 40. Rxd8+
Qxd8 41. Qc8+ Qxc8 42. Bxc8 Kxc8 43. Ne7+ Kc7 44. Nxc6 Kxc6 45. g6 1-0

[Event "WYCC U16 Open 2013"]
[Site "Al-Ain UAE"]
[Date "2013.12.19"]
[Round "2.59"]
[White "Choi, Ian"]
[Black "Neagu, Mihai-Cosmin"]
[Result "1/2-1/2"]
[WhiteElo "1655"]
[BlackElo "2069"]
[WhiteFideId "13201379"]
[BlackFideId "1205560"]
[EventDate "2013.12.18"]

1. d4 Nf6 2. c4 e6 3. Nc3 Bb4 4. e3 O-O 5. Ne2 c6 6. a3 Ba5 7. b4 Bc7 8. Ng3 d5
9. Bb2 Nbd7 10. cxd5 exd5 11. Bd3 Re8 12. Qc2 Nf8 13. Nce2 Ng6 14. O-O Ne4 15.
Rac1 Qd6 16. Bxe4 dxe4 17. Nc3 h5 18. Nb5 cxb5 19. Qxc7 Qxc7 20. Rxc7 h4 21. Ne2
h3 22. g3 Bg4 23. Nc3 Rab8 24. Rc1 a6 25. a4 Nf8 26. axb5 Ne6 27. Rc4 axb5 28.
Nxb5 Be2 29. Nd6 Red8 30. Rc8 Rbxc8 31. Rxc8 Rxc8 32. Nxc8 Ng5 33. f4 exf3 34.
Nd6 f5 35. d5 Kf8 36. Be5 g6 37. Bf4 Nh7 38. Be5 b5 39. e4 fxe4 40. Nxe4 Ke8 41.
d6 Bc4 42. Kf2 Bd5 43. Nf6+ Nxf6 44. Bxf6 1/2-1/2

[Event "WYCC U16 Open 2013"]
[Site "Al-Ain UAE"]
[Date "2013.12.19"]
[Round "2.60"]
[White "Grunau, Christoph"]
[Black "Cop, Jaka"]
[Result "1-0"]
[WhiteElo "2066"]
[BlackElo "1722"]
[WhiteFideId "12929760"]
[BlackFideId "14608383"]
[EventDate "2013.12.18"]

1. e4 c5 2. Nf3 Nc6 3. Bb5 d6 4. O-O Bd7 5. c3 a6 6. Ba4 b5 7. Bc2 Rc8 8. d3 e5
9. Nbd2 g6 10. Re1 Bg7 11. Nf1 Nge7 12. Bg5 O-O 13. Bb3 h6 14. Bxe7 Nxe7 15. Ne3
Kh7 16. h4 Be6 17. h5 g5 18. Nh2 d5 19. exd5 Nxd5 20. Qf3 Nf4 21. Bxe6 Nxe6 22.
Nf5 Nf4 23. Rad1 f6 24. g3 Ne6 25. Ng4 Nc7 26. d4 Qd5 27. Qxd5 Nxd5 28. dxe5
Rcd8 29. Nxg7 Kxg7 30. exf6+ Nxf6 31. Re7+ Rf7 32. Rxf7+ Kxf7 33. Rxd8 1-0

[Event "WYCC U16 Open 2013"]
[Site "Al-Ain UAE"]
[Date "2013.12.19"]
[Round "2.51"]
[White "Liu, Zhaoqi"]
[Black "Casanovas Cantarero, Eric"]
[Result "1-0"]
[WhiteElo "2061"]
[BlackElo "1705"]
[WhiteFideId "8609381"]
[BlackFideId "6900445"]
[EventDate "2013.12.18"]

1. d4 d5 2. c4 c6 3. Nf3 Nf6 4. Nc3 dxc4 5. a4 Bf5 6. e3 e6 7. Bxc4 Bb4 8. O-O
O-O 9. Qe2 Bg4 10. h3 Bh5 11. Rd1 Nbd7 12. e4 Qc7 13. Bd3 e5 14. g4 exd4 15.
Nxd4 Bg6 16. f3 Nc5 17. Bc2 Rfe8 18. Qh2 Qb6 19. Be3 Bxc3 20. bxc3 Nd5 21. Bf2
Nxc3 22. Nb3 Nxd1 23. Bxc5 Qa6 24. Bxd1 Qc4 25. Qe2 Qe6 26. a5 b6 27. axb6 axb6
28. Rxa8 Rxa8 29. Bxb6 Rb8 30. Qd3 f6 31. Bc7 Rc8 32. Nc5 Qe7 33. Bb3+ Kh8 34.
Bd6 Qa7 35. Kg2 Bf7 36. Bxf7 Qxf7 37. Bg3 h6 38. Bf2 Qa2 39. Qd7 Rb8 40. Ne6 Rg8
41. Qxc6 Qb2 42. Qd7 Kh7 43. h4 Kh8 44. h5 Kh7 45. Qf7 Kh8 46. Nf4 Qd2 47. Ng6+
Kh7 48. Ne7 Rb8 49. Nf5 Rg8 50. Kg3 Qb2 1-0

[Event "WYCC U16 Open 2013"]
[Site "Al-Ain UAE"]
[Date "2013.12.19"]
[Round "2.63"]
[White "Sokac, Marko"]
[Black "Al-Zaruoni, Fahad"]
[Result "1-0"]
[BlackTitle "CM"]
[WhiteElo "2038"]
[BlackElo "1649"]
[WhiteFideId "14531356"]
[BlackFideId "9300660"]
[EventDate "2013.12.18"]

1. e4 c6 2. Nc3 d5 3. Nf3 Bg4 4. h3 Bxf3 5. Qxf3 e6 6. Be2 Nd7 7. d4 dxe4 8.
Nxe4 Ngf6 9. O-O Nxe4 10. Qxe4 Nf6 11. Qd3 Be7 12. c4 c5 13. Be3 cxd4 14. Bxd4
O-O 15. Rfd1 Qc7 16. Qe3 b6 17. g4 Nd7 18. Qc3 Bf6 19. Bxf6 Nxf6 20. g5 Nd7 21.
h4 Rad8 22. Qf3 Qe5 23. Rab1 Nc5 24. b4 Na4 25. Rxd8 Rxd8 26. Rd1 Rf8 27. Bf1
Nc3 28. Rd7 Nxa2 29. b5 Nb4 30. Rxa7 Qd4 31. Qg3 Rd8 32. Be2 Qd2 33. Qc7 Rf8 34.
Bf1 Qd4 35. Ra3 Nc2 36. Rg3 Rd8 37. Rd3 Qg4+ 38. Bg2 Rf8 39. Rd8 g6 40. Qxb6
Qxc4 41. Rxf8+ Kxf8 42. Qd8+ Kg7 43. b6 Nb4 44. b7 Na6 45. Qa5 Nb8 46. Qe5+ Kf8
47. Qxb8+ Ke7 48. Qc8 1-0

[Event "WYCC U16 Open 2013"]
[Site "Al-Ain UAE"]
[Date "2013.12.19"]
[Round "2.64"]
[White "Kenes, Aldiyar"]
[Black "Alasgarov, Alasgar Habil"]
[Result "1-0"]
[WhiteElo "2026"]
[BlackElo "1638"]
[WhiteFideId "13707914"]
[BlackFideId "13405675"]
[EventDate "2013.12.18"]

1. e4 e5 2. Nf3 Nc6 3. Bb5 a6 4. Ba4 Nf6 5. O-O b5 6. Bb3 Be7 7. Qe2 O-O 8. h3
d6 9. c3 Bb7 10. d4 exd4 11. cxd4 Na5 12. Bc2 d5 13. e5 Ne8 14. Qd3 g6 15. Bh6
Ng7 16. e6 Nc6 17. exf7+ Rxf7 18. Bxg7 Kxg7 19. a3 Qf8 20. b4 Rf4 21. Nc3 Rd8
22. Bb3 Qf5 23. Qd2 Bf6 24. Bc2 1-0

[Event "WYCC U16 Open 2013"]
[Site "Al-Ain UAE"]
[Date "2013.12.19"]
[Round "2.66"]
[White "Haavamae, Henrik"]
[Black "Emad, Majdlawy"]
[Result "1/2-1/2"]
[WhiteElo "2023"]
[BlackElo "1470"]
[WhiteFideId "4502973"]
[BlackFideId "8106070"]
[EventDate "2013.12.18"]

1. e4 e5 2. Nf3 Nc6 3. Bb5 g6 4. O-O Bg7 5. c3 Nge7 6. d4 exd4 7. cxd4 d5 8.
exd5 Nxd5 9. Re1+ Be6 10. Ng5 Qd6 11. Ne4 Qb4 12. Nbc3 O-O 13. Bxc6 bxc6 14. Ne2
Rfe8 15. Nc5 Bg4 16. Nb3 Rad8 17. Bg5 Nf6 18. Bf4 Qe7 19. f3 Be6 20. Be5 Bh6 21.
Bf4 Bg7 1/2-1/2

[Event "WYCC U16 Open 2013"]
[Site "Al-Ain UAE"]
[Date "2013.12.19"]
[Round "2.70"]
[White "Malhotra, Tarun"]
[Black "Ahmed, Fareed"]
[Result "1-0"]
[WhiteElo "1988"]
[BlackElo "1766"]
[WhiteFideId "5020549"]
[BlackFideId "9303677"]
[EventDate "2013.12.18"]

1. e4 e6 2. d4 d5 3. Nc3 Nf6 4. Bg5 Bb4 5. e5 h6 6. Bd2 Bxc3 7. bxc3 Ne4 8. Qg4
Kf8 9. Bd3 Nxd2 10. Kxd2 c5 11. h4 Nc6 12. Rh3 c4 13. Bf1 b5 14. a3 a5 15. Ne2
Rb8 16. Nf4 Ne7 17. h5 Nf5 18. Ne2 b4 19. Qf4 b3 20. g4 Ne7 21. Rf3 Qe8 22. Rb1
Nc6 23. cxb3 cxb3 24. a4 Nd8 25. c4 Qxa4 26. Nc3 Qb4 27. cxd5 exd5 28. Kd1 Be6
29. Nb5 a4 30. Nc7 Qe7 31. Rc3 Qb4 32. Qd2 Qa3 33. f3 Qe7 34. Bb5 g6 35. hxg6
fxg6 36. Bxa4 Qh4 37. Rbxb3 Rxb3 38. Bxb3 Kg7 39. Nxd5 Rf8 40. Nf6 Bxb3+ 41.
Rxb3 Rf7 42. Rc3 Qg3 43. Qe1 Qg2 44. Qe3 Rb7 45. Rc7+ Rxc7 46. Ne8+ Kf7 47. Nxc7
Qf1+ 48. Kd2 Qa1 49. e6+ Ke7 50. Nd5+ Ke8 51. Nf6+ Ke7 52. Nd5+ Ke8 53. Qe5 Qb2+
54. Ke3 Qa3+ 55. Kf2 1-0

[Event "WYCC U16 Open 2013"]
[Site "Al-Ain UAE"]
[Date "2013.12.20"]
[Round "3.1"]
[White "Duda, Jan-Krzysztof"]
[Black "Wang, Richard"]
[Result "1-0"]
[WhiteTitle "GM"]
[BlackTitle "IM"]
[WhiteElo "2557"]
[BlackElo "2362"]
[WhiteFideId "1170546"]
[BlackFideId "2608243"]
[EventDate "2013.12.18"]

1. d4 d5 2. c4 c6 3. Nf3 Nf6 4. e3 Bg4 5. Nc3 e6 6. h3 Bxf3 7. Qxf3 Nbd7 8. Bd2
Bb4 9. Bd3 O-O 10. cxd5 exd5 11. O-O Re8 12. Rfd1 Qe7 13. Rac1 Bd6 14. Be1 Ne4
15. Rc2 Ndf6 16. Bf1 Nxc3 17. bxc3 b5 18. Bd3 a5 19. g4 Qc7 20. a4 Qb7 21. axb5
cxb5 22. Rb1 b4 23. cxb4 axb4 24. Rcb2 Rab8 25. Bxb4 Bxb4 26. Rxb4 Qxb4 27. Rxb4
Rxb4 28. g5 Ne4 29. Qf5 Rb3 30. Qd7 Reb8 31. Bxe4 dxe4 32. Qc6 R3b6 33. Qxe4 h6
34. h4 hxg5 35. hxg5 Rb5 36. Qg4 Rd8 37. g6 Rbd5 38. Kf1 R5d6 39. gxf7+ Kxf7 40.
Ke2 Rf6 41. Qe4 Rfd6 42. Qb7+ R8d7 43. Qb3+ Ke7 44. Qg8 Kf6 45. Qf8+ Kg6 46.
Qe8+ Kf6 47. Kd3 g5 48. Qh8+ Kg6 49. e4 Rf6 50. Qe8+ Rdf7 51. e5 Rf3+ 52. Kc4
Kg7 53. Qd8 Rxf2 54. Qxg5+ Kf8 55. Qd8+ Kg7 56. e6 1-0

[Event "WYCC U16 Open 2013"]
[Site "Al-Ain UAE"]
[Date "2013.12.20"]
[Round "3.2"]
[White "Saiyn, Zhanat"]
[Black "Bluebaum, Matthias"]
[Result "1-0"]
[WhiteTitle "FM"]
[BlackTitle "IM"]
[WhiteElo "2360"]
[BlackElo "2529"]
[WhiteFideId "13703820"]
[BlackFideId "24651516"]
[EventDate "2013.12.18"]

1. d4 d5 2. c4 c6 3. Nc3 Nf6 4. e3 e6 5. Nf3 Nbd7 6. Bd3 dxc4 7. Bxc4 b5 8. Bd3
Bb7 9. O-O b4 10. Ne2 Bd6 11. Ng3 O-O 12. e4 Bxg3 13. e5 Bxe5 14. dxe5 Nd5 15.
Bc2 Ba6 16. Re1 Qb6 17. Ng5 h6 18. Nh7 Qc5 19. Nxf8 Rxf8 20. Bb3 Qe7 21. a3 Bb5
22. axb4 Qxb4 23. Bd2 Qd4 24. Bc3 Qb6 25. Bxd5 exd5 26. Qg4 f5 27. Qd4 Qxd4 28.
Bxd4 a6 29. e6 Nf6 30. f3 Re8 31. Re5 Nh5 32. g3 g6 33. b4 Ng7 34. Rae1 Bc4 35.
e7 Kf7 36. R5e3 f4 37. Re5 Nf5 38. Bf2 fxg3 39. hxg3 Rxe7 40. Rxe7+ Nxe7 41. Bc5
Ng8 42. g4 g5 43. Kf2 Bb5 44. Re5 Bd3 45. Ke3 Bc2 46. Kd4 Bd1 47. Re1 Bb3 48.
Ke5 d4 49. Bxd4 Bd5 50. f4 gxf4 51. Kxf4 Ne7 52. Bc5 Ng6+ 53. Kg3 Be6 54. Rf1+
Kg7 55. Bd4+ Kh7 56. Rh1 Bd5 57. Rh2 Ne7 58. Be3 Ng8 59. Bxh6 Kg6 60. Be3 Nf6
61. Rh6+ Kg7 62. g5 1-0

[Event "WYCC U16 Open 2013"]
[Site "Al-Ain UAE"]
[Date "2013.12.20"]
[Round "3.3"]
[White "Tran, Tuan Minh"]
[Black "Alekseenko, Kirill"]
[Result "1-0"]
[WhiteTitle "FM"]
[BlackTitle "FM"]
[WhiteElo "2330"]
[BlackElo "2445"]
[WhiteFideId "12401820"]
[BlackFideId "4135539"]
[EventDate "2013.12.18"]

1. d4 d5 2. c4 c6 3. Nc3 dxc4 4. e3 b5 5. a4 b4 6. Na2 e6 7. Bxc4 Nf6 8. Nf3
Nbd7 9. O-O Bb7 10. b3 Be7 11. Bb2 O-O 12. Nc1 a5 13. Nd3 Qb6 14. Rc1 Rac8 15.
Qe2 Rfd8 16. Rfd1 Ba8 17. h3 Bf8 18. Nde5 Nxe5 19. dxe5 Nd5 20. Ng5 Be7 21. Ne4
c5 22. Qg4 g6 23. Qg3 Rd7 24. h4 Rcd8 25. h5 Nc3 26. Rxd7 Nxe4 27. Rxd8+ Qxd8
28. Qg4 Bh4 29. g3 Ng5 30. Qd1 Nf3+ 31. Kf1 Qg5 32. gxh4 Qxh4 33. Ke2 Kg7 34.
h6+ Kxh6 35. Bd3 Bd5 36. e4 Bxe4 37. Rc4 Nd4+ 38. Rxd4 Bf3+ 39. Kd2 1-0

[Event "WYCC U16 Open 2013"]
[Site "Al-Ain UAE"]
[Date "2013.12.20"]
[Round "3.4"]
[White "Paravyan, David"]
[Black "Basso, Pier Luigi"]
[Result "1-0"]
[WhiteTitle "IM"]
[WhiteElo "2441"]
[BlackElo "2303"]
[WhiteFideId "4194985"]
[BlackFideId "866970"]
[EventDate "2013.12.18"]

1. d4 f5 2. c4 Nf6 3. Nf3 g6 4. g3 Bg7 5. Bg2 O-O 6. O-O d6 7. Nc3 c6 8. Rb1 Ne4
9. Qc2 Nxc3 10. bxc3 e5 11. dxe5 dxe5 12. Ba3 Rf7 13. Rfd1 Nd7 14. e4 f4 15. Rd3
Bf8 16. Qb2 Qb6 17. Bxf8 Qxb2 18. Rxb2 Rxf8 19. Rbd2 Nc5 20. Rd8 Be6 21. Rxa8
Rxa8 22. Nxe5 fxg3 23. hxg3 Kf8 24. f4 Ke7 25. g4 Kf6 26. g5+ Ke7 27. Kf2 Na4
28. Ke3 Nxc3 29. Bf3 Na4 30. Rh2 Bg8 31. f5 gxf5 32. exf5 Nc5 33. Rd2 Kf8 34.
Nd7+ Nxd7 35. Rxd7 Re8+ 36. Kf4 Re7 37. Rd8+ Re8 38. Rd7 Re7 39. Rxe7 Kxe7 40.
f6+ Kd6 41. c5+ Kxc5 42. Ke5 Bxa2 43. Be4 Bg8 44. Bxh7 1-0

[Event "WYCC U16 Open 2013"]
[Site "Al-Ain UAE"]
[Date "2013.12.20"]
[Round "3.5"]
[White "Girish, A. Koushik"]
[Black "Brown, Michael William"]
[Result "1/2-1/2"]
[WhiteTitle "FM"]
[WhiteElo "2413"]
[BlackElo "2272"]
[WhiteFideId "5038448"]
[BlackFideId "2037602"]
[EventDate "2013.12.18"]

1. Nf3 Nf6 2. c4 e6 3. Nc3 d5 4. d4 Bb4 5. Bg5 h6 6. Bxf6 Qxf6 7. e3 dxc4 8.
Bxc4 O-O 9. O-O Bxc3 10. bxc3 c5 11. Bd3 Nd7 12. a4 e5 13. a5 exd4 14. cxd4 cxd4
15. Nxd4 Nc5 16. Be2 Be6 17. Rc1 b6 18. Bf3 Rac8 19. axb6 axb6 20. Qe2 Rfd8 21.
Nxe6 Nxe6 22. Rxc8 Rxc8 23. Qb5 Nc5 24. Rb1 Rb8 25. h3 Qd6 26. Rd1 Qc7 27. Rd4
Rd8 28. Qc6 Rc8 29. Qxc7 Rxc7 30. Rd6 Na4 31. Bd1 b5 32. Bb3 g6 33. g4 Kg7 34.
Kg2 Rc3 35. Bd5 Rc7 36. Kf3 Nc3 37. Bb3 Rb7 38. Rc6 b4 39. h4 Kf8 40. g5 hxg5
41. hxg5 Rb5 42. Rf6 Nd5 43. Rd6 Nc3 44. Rf6 Nd5 45. Rd6 Nc3 46. Rf6 Nd5 47. Ra6
Nc3 48. Kg4 Ne4 49. f4 Nd2 50. Ra8+ Kg7 51. Ba4 Rb7 52. Bc6 Rb6 53. Bd5 b3 54.
Ra7 b2 55. Rxf7+ Kh8 56. Rf8+ Kg7 57. Rf7+ Kh8 58. Rf8+ Kg7 59. Rf7+ 1/2-1/2

[Event "WYCC U16 Open 2013"]
[Site "Al-Ain UAE"]
[Date "2013.12.20"]
[Round "3.6"]
[White "Dastan, Muhammed Batuhan"]
[Black "Salomon, Johan"]
[Result "0-1"]
[WhiteTitle "IM"]
[WhiteElo "2409"]
[BlackElo "2269"]
[WhiteFideId "6300014"]
[BlackFideId "1509500"]
[EventDate "2013.12.18"]

1. e4 e5 2. Bc4 Nf6 3. d3 Bc5 4. Nf3 Nc6 5. c3 d6 6. Bb3 Bb6 7. Nbd2 Ne7 8. Nc4
Ng6 9. h3 O-O 10. a4 c6 11. Nxb6 axb6 12. Be3 d5 13. O-O h6 14. exd5 Nxd5 15. d4
e4 16. Nd2 f5 17. c4 Nb4 18. f4 Be6 19. Nb1 Nd3 20. Ra2 Qh4 21. c5 Bxb3 22.
Qxb3+ Kh7 23. Kh2 Ngxf4 24. Bxf4 Nxf4 25. cxb6 Nd3 26. Nd2 Qg5 27. Qc3 Rf6 28.
Nc4 Rg6 29. b4 Qg3+ 30. Kg1 Rxa4 31. Rc2 Qxh3 32. Ne5 Qe3+ 33. Rff2 Rg3 34. Nxd3
exd3 35. Rd2 f4 36. Kh2 Ra8 37. Rf1 Rd8 38. Rdf2 Rd5 0-1

[Event "WYCC U16 Open 2013"]
[Site "Al-Ain UAE"]
[Date "2013.12.20"]
[Round "3.7"]
[White "Sanal, Vahap"]
[Black "Kessler, Luca"]
[Result "1-0"]
[WhiteTitle "IM"]
[WhiteElo "2397"]
[BlackElo "2249"]
[WhiteFideId "6300545"]
[BlackFideId "1600087"]
[EventDate "2013.12.18"]

1. e4 d6 2. d4 Nf6 3. Bd3 e5 4. c3 Nc6 5. Nf3 d5 6. Nxe5 Nxe5 7. dxe5 Ng4 8. Be2
Qh4 9. Bxg4 Bxg4 10. Qd3 dxe4 11. Qxe4 O-O-O 12. O-O Qh5 13. Be3 Be2 14. Re1 Bd3
15. Qf4 f6 16. Nd2 fxe5 17. Qg5 Qxg5 18. Bxg5 Re8 19. Ne4 Be7 20. Bxe7 Rxe7 21.
Rad1 Bxe4 22. Rxe4 Rd8 23. Rxd8+ Kxd8 24. Kf1 Kd7 25. Rh4 g6 26. Ra4 a6 27. Ke2
Ke6 28. Ke3 Kd5 29. Rg4 Ke6 30. h4 Rd7 31. Rc4 Kd5 32. Ra4 Ke6 33. Ke2 Kd6 34.
g3 Ke6 35. Re4 Kf5 36. Rc4 Ke6 37. a4 Kd5 38. Rg4 Ke6 39. h5 Kf5 40. Rb4 c6 41.
hxg6 hxg6 42. Rh4 a5 43. Rh8 b5 44. Rf8+ Ke6 45. Rc8 bxa4 46. Rxc6+ Rd6 47. Rc4
Rb6 48. Rxa4 Rxb2+ 49. Ke3 Rb5 50. Rc4 Rb1 51. Rc6+ Kf5 52. Rc5 a4 53. f4 Re1+
54. Kf2 Re4 55. Kf3 Re1 56. Ra5 Rf1+ 57. Ke2 Rg1 58. Rxe5+ Kf6 59. Kf2 Rc1 60.
Ra5 Rc2+ 61. Kf3 Rxc3+ 62. Kg4 a3 63. Ra6+ Kf7 64. Kh4 Rf3 65. Kg4 Rc3 66. Kh4
Rf3 67. Kg4 Rc3 68. Kh4 Rf3 69. Ra4 Kf6 70. g4 g5+ 71. fxg5+ Kg7 72. Ra6 Rb3 73.
g6 a2 74. Kh5 Kg8 75. Rxa2 Rb8 76. Kh6 Rc8 77. Ra7 Rb8 78. Ra6 Rf8 79. g5 Rb8
80. g7 1-0

[Event "WYCC U16 Open 2013"]
[Site "Al-Ain UAE"]
[Date "2013.12.20"]
[Round "3.8"]
[White "Nastase, Robert-Paul"]
[Black "Vorontsov, Pavlo"]
[Result "0-1"]
[BlackTitle "FM"]
[WhiteElo "2141"]
[BlackElo "2392"]
[WhiteFideId "1221175"]
[BlackFideId "14116367"]
[EventDate "2013.12.18"]

1. e4 c5 2. Nf3 d6 3. d4 cxd4 4. Nxd4 Nf6 5. Nc3 a6 6. Bg5 Nbd7 7. f4 Qb6 8. Nb3
e5 9. Qd2 h6 10. Bxf6 Nxf6 11. O-O-O Be7 12. f5 Bd7 13. Kb1 Rc8 14. Re1 Qc7 15.
Bd3 b5 16. Rhg1 b4 17. Nd5 Nxd5 18. exd5 a5 19. Nd4 O-O 20. Nf3 a4 21. g4 b3 22.
cxb3 axb3 23. a3 e4 24. Bxe4 Bf6 25. g5 hxg5 26. Nxg5 Qb6 27. Qe2 Rc2 28. Bxc2
bxc2+ 29. Qxc2 Bxf5 30. Ne4 Bxe4 31. Rxe4 Qxg1+ 32. Ka2 Rb8 33. Rb4 Rxb4 34.
axb4 Qd4 35. Qb3 Qa7+ 36. Kb1 Qg1+ 37. Ka2 Kf8 38. b5 Qa7+ 39. Kb1 Bd4 40. h4
Qe7 41. h5 Qe3 42. Qb4 Qe4+ 0-1

[Event "WYCC U16 Open 2013"]
[Site "Al-Ain UAE"]
[Date "2013.12.20"]
[Round "3.9"]
[White "Harutyunian, Tigran K."]
[Black "Gireman, Ja"]
[Result "1/2-1/2"]
[WhiteTitle "FM"]
[WhiteElo "2390"]
[BlackElo "2248"]
[WhiteFideId "13303635"]
[BlackFideId "5043794"]
[EventDate "2013.12.18"]

1. d4 Nf6 2. c4 g6 3. Nc3 d5 4. cxd5 Nxd5 5. e4 Nxc3 6. bxc3 Bg7 7. Nf3 c5 8.
Be3 Qa5 9. Qd2 O-O 10. Rc1 cxd4 11. cxd4 Qxd2+ 12. Nxd2 e6 13. Nb3 b6 14. h4 Bb7
15. f3 h5 16. Kf2 Nc6 17. Bb5 Rac8 18. a3 Nb8 19. Bg5 Bc6 20. Bxc6 Nxc6 21. Rhd1
f6 22. Bf4 Rfd8 23. d5 exd5 24. exd5 Ne5 25. Rxc8 Rxc8 26. Nd4 Bf8 27. Bxe5 fxe5
28. Nc6 Bxa3 29. Nxa7 Rc2+ 30. Kg3 Kf8 31. Nb5 Bc5 32. Kh3 Ke7 33. Re1 Bd6 34.
Ra1 Bc5 35. Ra7+ Kf6 36. Nc7 e4 37. Ne8+ Ke5 38. fxe4 Kxe4 39. d6 Rd2 40. Re7+
Kf5 41. Rf7+ Ke6 42. Rg7 Bxd6 43. Rxg6+ Ke7 44. Nxd6 Rxd6 45. Rg7+ Kd8 46. Kg3
Rd5 47. Kf3 Rc5 48. Ke3 Kc8 49. Kd4 Kd8 50. g3 Kc8 51. Rh7 Ra5 52. Rg7 Rc5 53.
Ra7 Kb8 54. Rg7 Kc8 55. Ke4 Ra5 56. Kf4 Rc5 57. g4 hxg4 58. Kxg4 Rc1 59. Kf5 Rh1
60. Rh7 b5 61. Ke4 b4 62. Kd3 b3 63. Kc3 Rh3+ 1/2-1/2

[Event "WYCC U16 Open 2013"]
[Site "Al-Ain UAE"]
[Date "2013.12.20"]
[Round "3.10"]
[White "Cortes Orihuela, Javier"]
[Black "Bodek, Michael H"]
[Result "0-1"]
[BlackTitle "FM"]
[WhiteElo "2131"]
[BlackElo "2382"]
[WhiteFideId "3414329"]
[BlackFideId "2043858"]
[EventDate "2013.12.18"]

1. d4 Nf6 2. c4 e6 3. g3 d5 4. Nf3 dxc4 5. Bg2 Nc6 6. Qa4 Nd7 7. Qxc4 Nb6 8. Qd3
e5 9. dxe5 Qxd3 10. exd3 Nb4 11. Na3 Nxd3+ 12. Ke2 Nxc1+ 13. Raxc1 c6 14. Nb1
Be7 15. Rhd1 O-O 16. Nd4 g6 17. Nd2 f6 18. exf6 Bxf6 19. Ne4 Bg7 20. b3 Rd8 21.
Nc2 Bg4+ 22. f3 Be6 23. Rxd8+ Rxd8 24. Rd1 Rxd1 25. Kxd1 Nd5 26. Bf1 b5 27. Bd3
Kf8 28. Kd2 Ke7 29. Ne3 Bd4 30. Nxd5+ Bxd5 31. Ke2 a6 32. Nd2 Kd6 33. Be4 Bf7
34. f4 a5 35. Bc2 Kc5 36. Kd3 Bb2 37. Bd1 Kb4 38. Kc2 Ka3 39. Kb1 Bc3 40. Ne4
Bd4 41. Ng5 Bg8 42. Bg4 Bg1 43. Be6 Bxe6 44. Nxe6 Bxh2 45. Nd4 Kb4 46. Ne2 a4
47. Kb2 axb3 48. axb3 h5 49. Kc2 Ka3 50. Kc3 c5 51. Kc2 b4 52. Nc1 Bxg3 53. Nd3
h4 54. f5 gxf5 55. Nc1 h3 56. Kb1 h2 57. Ka1 h1=Q 0-1

[Event "WYCC U16 Open 2013"]
[Site "Al-Ain UAE"]
[Date "2013.12.20"]
[Round "3.11"]
[White "Akhmetov, Ayan"]
[Black "Azarya, Jodi Setyaki"]
[Result "1/2-1/2"]
[BlackTitle "CM"]
[WhiteElo "2382"]
[BlackElo "2112"]
[WhiteFideId "13703706"]
[BlackFideId "7101589"]
[EventDate "2013.12.18"]

1. e4 g6 2. d4 c6 3. Nf3 Bg7 4. c3 d5 5. Nbd2 Nd7 6. Bd3 dxe4 7. Nxe4 Ngf6 8.
O-O Nxe4 9. Bxe4 Qc7 10. Re1 O-O 11. Bg5 Nf6 12. Bc2 c5 13. Qe2 Be6 14. Qe5 Qb6
15. Qxc5 Qxb2 16. Bb3 Bxb3 17. axb3 Ne4 18. Qxe7 Qxf2+ 19. Kh1 Rae8 20. Rxe4
Rxe7 21. Rxe7 Qb2 22. Rxa7 Qxc3 23. Raxb7 Bxd4 24. h3 Bc5 25. Red7 Be3 26. Bxe3
Qxe3 27. b4 Qc1+ 28. Kh2 Qf4+ 29. Kg1 Rc8 30. Rd2 Qe4 31. Rbd7 Rc1+ 32. Rd1
Rxd1+ 33. Rxd1 Qxb4 34. Rd4 Qb1+ 35. Kh2 h5 36. h4 Kg7 37. Ra4 Qb8+ 38. Kh1 Kf6
39. Ra5 Qc7 40. Rg5 1/2-1/2

[Event "WYCC U16 Open 2013"]
[Site "Al-Ain UAE"]
[Date "2013.12.20"]
[Round "3.12"]
[White "Das, Sayantan"]
[Black "Aleksanyan, Hrant"]
[Result "1-0"]
[WhiteTitle "IM"]
[WhiteElo "2377"]
[BlackElo "1981"]
[WhiteFideId "5034426"]
[BlackFideId "13306634"]
[EventDate "2013.12.18"]

1. e4 c5 2. Nf3 e6 3. d4 cxd4 4. Nxd4 a6 5. Bd3 Qc7 6. O-O Nf6 7. Nc3 d6 8. Kh1
Be7 9. f4 Nbd7 10. Qe2 O-O 11. Bd2 Nc5 12. b4 Nxd3 13. cxd3 Bd7 14. Rac1 Rac8
15. e5 dxe5 16. fxe5 Ne8 17. Nd5 Qd8 18. Rxc8 Bxc8 19. Nxe7+ Qxe7 20. b5 Nc7 21.
Qg4 f5 22. exf6 Rxf6 23. Nf3 Qe8 24. bxa6 bxa6 25. Bc3 Rf7 26. Rb1 Nd5 27. Be5
Bb7 28. Qd4 h6 29. h3 Qa8 30. Kh2 Ne7 31. Qd7 Nc6 32. Qxe6 Nd8 33. Qe8+ Rf8 34.
Qg6 Rf7 35. Re1 Bxf3 36. Bxg7 Bh5 37. Re8+ 1-0